000 00274nam a2200109Ia 4500
008 200302s9999 xx 000 0 und d
100 _aEmily Abruzzo
245 _a306090 08, Auronomous urbanism
260 _bPrinceton Architectural Press
260 _c2005
300 _a160 P.,
999 _c2952
_d2952